Quiz o Karolu Nawrockim - Statystyki

Ogólne statystyki
  • Ten quiz został rozwiązany 25 razy
  • Średni wynik to 5 z 12
Statystyki odpowiedzi
Zagadnienie Odpowiedź % Poprawnych
Jego poprzednik w roli prezydenta Andrzej Duda
91%
Miejsce urodzenia Gdańsk
91%
W jakiej instytucji pracował od 2009 roku do 2017? Instytut {Pamięci} {Narodowej}
78%
Jest kibicem jakiej drużyny piłkarskiej? (gra w ekstraklasie) Lechia Gdańsk
74%
Na jego cześć otrzymał imię Karol Jan Paweł II
70%
W latach 2017-2021 był dyrektorem jakiego muzeum? Muzeum {II} {Wojny} {Światowej}
43%
Drugie imię Tadeusz
39%
W jakiej dzielnicy się wychował? (Podpowiedź: miasto w województwie mazowieckim) Siedlce
26%
Imię ojca Ryszard
9%
Jaką bokserską drużynę reprezentował? Stoczniowiec Gdańsk
9%
Imię matki Elżbieta
4%
Jakiej drużyny piłkarskiej był zawodnikiem i kapitanem? Ex Siedlce Gdańsk
0%
Nie znaleziono quizów pasujących do podanych kryteriów
Rozkład punktacji
Procent ludzi z każdym wynikiem
Percentyl według liczby udzielonych odpowiedzi
Twoja historia wyników
Nie rozwiązałeś tego quizu